[Event "Belt and Road Hunan Op A"]
[Site "Changsha CHN"]
[Date "2019.08.06"]
[Round "9.10"]
[White "Xu, Yinglun"]
[Black "Najer, Evgeniy"]
[Result "1/2-1/2"]
[WhiteTitle "GM"]
[BlackTitle "GM"]
[WhiteElo "2562"]
[BlackElo "2678"]
[WhiteFideId "8604940"]
[BlackFideId "4118987"]
[EventDate "2019.07.29"]

1. d4 Nf6 2. c4 g6 3. Nc3 d5 4. Bg5 c5 5. Bxf6 exf6 6. cxd5 Qb6 7. e3 cxd4 8.
Bb5+ Nd7 9. exd4 a6 10. Qe2+ Be7 11. Ba4 O-O 12. Nf3 Qd8 13. O-O b5 14. Bb3 Nb6
15. a4 bxa4 16. Nxa4 Nxa4 17. Bxa4 a5 18. Rfc1 Ba6 19. Bb5 Bxb5 20. Qxb5 Bb4 21.
Ne1 Rb8 22. Qc6 Rb6 23. Qc4 Qd7 24. Nd3 Rd8 25. Nxb4 Rxb4 26. Qa6 Qxd5 27. Qxf6
Qxd4 28. Qxd4 Rbxd4 29. g3 R8d5 30. Rc8+ Kg7 31. Ra8 1/2-1/2

[Event "Belt and Road Hunan Op A"]
[Site "Changsha CHN"]
[Date "2019.08.06"]
[Round "9.11"]
[White "Li, Di"]
[Black "Lupulescu, Constantin"]
[Result "1/2-1/2"]
[WhiteTitle "GM"]
[BlackTitle "GM"]
[WhiteElo "2523"]
[BlackElo "2649"]
[WhiteFideId "8607508"]
[BlackFideId "1207822"]
[EventDate "2019.07.29"]

1. d4 Nf6 2. c4 e6 3. Nf3 d5 4. Nc3 Nbd7 5. cxd5 exd5 6. Bg5 c6 7. e3 h6 8. Bh4
g5 9. Bg3 Nh5 10. Be5 Ng7 11. Bg3 Nf5 12. Bd3 Nxg3 13. hxg3 Bg7 14. Qc2 Nb6 15.
O-O-O Be6 16. Kb1 Qe7 17. Rc1 Nd7 18. Na4 Bg4 19. Nh2 Be6 20. Nf3 Bg4 21. Nh2
Be6 22. Nf3 1/2-1/2

[Event "Belt and Road Hunan Op A"]
[Site "Changsha CHN"]
[Date "2019.08.06"]
[Round "9.12"]
[White "Sethuraman, S.P."]
[Black "Lagno, Kateryna"]
[Result "1/2-1/2"]
[WhiteTitle "GM"]
[BlackTitle "GM"]
[WhiteElo "2630"]
[BlackElo "2549"]
[WhiteFideId "5021596"]
[BlackFideId "14109336"]
[EventDate "2019.07.29"]

1. e4 e5 2. Nf3 Nc6 3. Bc4 Bc5 4. d3 Nf6 5. c3 d6 6. h3 a6 7. Bb3 Ba7 8. Qe2 h6
9. Nbd2 Ne7 10. Nh4 Be6 11. Bxe6 fxe6 12. Nf1 Qd7 13. Be3 Bxe3 14. Nxe3 O-O-O
15. Nf3 Ng6 16. Qc2 d5 17. O-O-O dxe4 18. dxe4 Qc6 19. Rhe1 Rxd1+ 20. Nxd1 Rd8
21. g3 Nd7 22. b3 Nc5 23. Nb2 Qb5 24. Qe2 Nd3+ 25. Nxd3 Qxd3 26. Kb2 Ne7 27. Qe3
Nc6 28. Re2 Qd1 29. Re1 Qd3 30. h4 b5 31. b4 a5 32. a3 axb4 33. axb4 Qxe3 34.
Rxe3 Rf8 35. Kc2 Kd7 36. Kd2 Ke7 37. Rd3 Ra8 38. Ke3 h5 39. Nd2 Ra3 40. Nf3 Rb3
41. Ke2 Ra3 42. Kd2 Ra2+ 43. Ke3 Ra3 44. c4 Nxb4 45. Rxa3 Nc2+ 46. Kd3 Nxa3 47.
Nxe5 Kd6 48. Kd4 1/2-1/2

[Event "Belt and Road Hunan Op A"]
[Site "Changsha CHN"]
[Date "2019.08.06"]
[Round "9.13"]
[White "Megaranto, Susanto"]
[Black "Deac, Bogdan-Daniel"]
[Result "0-1"]
[WhiteTitle "GM"]
[BlackTitle "GM"]
[WhiteElo "2545"]
[BlackElo "2621"]
[WhiteFideId "7101384"]
[BlackFideId "1226380"]
[EventDate "2019.07.29"]

1. Nf3 c5 2. c4 Nc6 3. g3 g6 4. Bg2 Bg7 5. O-O e6 6. Nc3 Nge7 7. d3 d5 8. Bg5
O-O 9. Rc1 d4 10. Na4 h6 11. Bd2 b6 12. a3 a5 13. b4 axb4 14. axb4 Nxb4 15. Bxb4
cxb4 16. Nxd4 Rxa4 17. Qxa4 Bxd4 18. Qxb4 e5 19. Qd2 h5 20. e3 Bc5 21. Ra1 Be6
22. Ra8 Qxa8 23. Bxa8 Rxa8 24. Qc3 Ra3 25. Qxe5 Rxd3 26. Ra1 Rd8 27. Qf4 Nc6 28.
Kg2 Na5 29. Rc1 Rc8 30. h3 Bf8 31. g4 hxg4 32. hxg4 Nxc4 33. Rb1 Bd6 34. Qg5 Bf8
35. Rd1 Rc5 36. Qf4 Rd5 37. Rh1 Rd7 38. e4 Nd6 39. f3 Nc4 40. Ra1 Rd2+ 41. Kh1
Rd8 42. Qg5 Rc8 43. Rd1 Kg7 44. Qb5 Bc5 45. Kh2 Ra8 46. Qb1 Ne5 47. Rf1 Ra3 48.
Kg3 Bxg4 49. Kf4 f6 50. fxg4 Rh3 0-1

[Event "Belt and Road Hunan Op A"]
[Site "Changsha CHN"]
[Date "2019.08.06"]
[Round "9.14"]
[White "Oleksiyenko, Mykhaylo"]
[Black "Yeoh, Li Tian"]
[Result "1/2-1/2"]
[WhiteTitle "GM"]
[BlackTitle "IM"]
[WhiteElo "2600"]
[BlackElo "2528"]
[WhiteFideId "4152417"]
[BlackFideId "5702895"]
[EventDate "2019.07.29"]

1. d4 d5 2. c4 c6 3. Nf3 Nf6 4. e3 g6 5. Nc3 Bg7 6. Be2 O-O 7. O-O a6 8. a4 a5
9. b3 Bg4 10. h3 Bxf3 11. Bxf3 e6 12. Ne2 Nbd7 13. Bb2 Re8 14. Nf4 dxc4 15. bxc4
e5 16. dxe5 Nxe5 17. Bxe5 Rxe5 18. Rb1 Qc7 19. Qb3 Rb8 20. Nd3 Ree8 21. Qb6 Qxb6
22. Rxb6 Ne4 23. Bxe4 Rxe4 24. Rc1 Bf8 25. Kf1 Bd6 26. Ke2 Bc7 27. Rb3 b6 28. f3
Re7 29. Nf2 f5 30. Rcb1 Rbe8 31. Rd3 Kf7 1/2-1/2

[Event "Belt and Road Hunan Op A"]
[Site "Changsha CHN"]
[Date "2019.08.06"]
[Round "9.15"]
[White "Ju, Wenjun"]
[Black "Radovanovic, Mihajlo"]
[Result "1-0"]
[WhiteTitle "GM"]
[BlackTitle "IM"]
[WhiteElo "2595"]
[BlackElo "2500"]
[WhiteFideId "8603006"]
[BlackFideId "940313"]
[EventDate "2019.07.29"]

1. e4 d6 2. d4 g6 3. Bc4 Bg7 4. Nf3 Nf6 5. Qe2 O-O 6. e5 Ne8 7. c3 Bg4 8. Nbd2
c5 9. h3 Bxf3 10. Nxf3 Nc6 11. O-O cxd4 12. cxd4 Nc7 13. Rd1 Qd7 14. Be3 b5 15.
exd6 exd6 16. Bxb5 Nxb5 17. Qxb5 Rab8 18. Qe2 Rfe8 19. b3 Qf5 20. Qd3 Qxd3 21.
Rxd3 Nb4 22. Rd2 Nd5 23. Re2 Rbc8 24. Rae1 Kf8 25. Kf1 h6 26. Bd2 Rxe2 27. Kxe2
Rc2 28. Ra1 f5 29. Kd3 Rc6 30. b4 g5 31. b5 Rc7 32. a4 Kf7 33. a5 Ke6 34. Ne1
Rb7 35. Rb1 Nc7 36. b6 Na8 37. Nc2 axb6 38. Ne3 b5 39. d5+ Kd7 40. Nxf5 Bf8 41.
a6 Rb6 42. Ba5 Rxa6 43. Rxb5 Nc7 44. Bxc7 Kxc7 45. Ke2 Ra2+ 46. Kf3 Ra4 47. g4
Ra3+ 48. Kg2 Rd3 49. Ra5 Kb7 50. f3 Rd2+ 51. Kf1 Rh2 52. Ra3 h5 53. gxh5 Rxh3
54. Re3 Rxh5 55. Re8 Rh8 56. Nxd6+ Kb6 57. Nf7 Rg8 58. d6 Kc6 59. Rd8 Kd5 60. d7
Ke6 61. Ne5 Rh8 62. Re8+ Kd5 1-0

[Event "Belt and Road Hunan Op A"]
[Site "Changsha CHN"]
[Date "2019.08.06"]
[Round "9.16"]
[White "Xu, Xiangyu"]
[Black "Khademalsharieh, Sarasadat"]
[Result "1/2-1/2"]
[WhiteTitle "GM"]
[BlackTitle "IM"]
[WhiteElo "2585"]
[BlackElo "2481"]
[WhiteFideId "8608288"]
[BlackFideId "12512214"]
[EventDate "2019.07.29"]

1. Nf3 d5 2. g3 g6 3. Bg2 Bg7 4. d4 c6 5. O-O Nf6 6. a4 a5 7. c4 O-O 8. cxd5
cxd5 9. Nc3 Nc6 10. Bf4 Nb4 11. Rc1 Bd7 12. Ne5 Bc6 13. Qd2 Nd7 14. Rfd1 e6 15.
b3 Nxe5 16. Bxe5 Rc8 17. Bxg7 Kxg7 18. e3 1/2-1/2

[Event "Belt and Road Hunan Op A"]
[Site "Changsha CHN"]
[Date "2019.08.06"]
[Round "9.17"]
[White "Tan, Zhongyi"]
[Black "Peng, Xiongjian"]
[Result "1/2-1/2"]
[WhiteTitle "GM"]
[WhiteElo "2511"]
[BlackElo "2467"]
[WhiteFideId "8603642"]
[BlackFideId "8610550"]
[EventDate "2019.07.29"]

1. d4 d6 2. Nf3 Nf6 3. c4 g6 4. Nc3 Bg7 5. e4 O-O 6. Be2 c5 7. O-O cxd4 8. Nxd4
Nc6 9. Be3 Bd7 10. f4 Nxd4 11. Bxd4 Bc6 12. Kh1 Re8 13. Bd3 e5 14. fxe5 Nd7 15.
Qf3 Rf8 16. Qg3 Nxe5 17. Rad1 Qe7 18. b3 b6 19. Bc2 Rfe8 20. h3 Rac8 21. a4 Qb7
22. Qf2 Re6 23. Rfe1 Qe7 24. Qd2 Qh4 25. Bf2 Qh5 26. Kg1 Rce8 27. Ne2 Bh6 28.
Qc3 Rf6 29. Qg3 Bg5 30. Nd4 Bd7 31. Bd3 Qh6 32. Bf1 Bf4 33. Qc3 Ng4 34. Nf3 Nxf2
35. Kxf2 g5 36. Bd3 g4 37. hxg4 Be5 38. Qc1 Qh4+ 39. Ke2 Bxg4 40. Rg1 Kh8 41.
Qe3 Rg8 42. Rdf1 Bh5 43. Kd1 Rfg6 44. Be2 Qg3 45. Rh1 Bg4 46. Qf2 R8g7 47. Qxg3
Bxg3 48. Kc2 Bd7 49. Nd2 Be5 50. Bf3 Kg8 51. Kd3 Kf8 52. Rf2 Ke7 53. Nf1 f5 54.
Ne3 f4 55. Nd5+ Kd8 56. Rh4 Bg4 57. b4 Ke8 58. Rc2 Bxf3 59. gxf3 Rg1 60. c5 bxc5
61. bxc5 Rd1+ 62. Rd2 Rxd2+ 63. Kxd2 dxc5 64. Rh5 Bd4 65. Nxf4 Rf7 66. Ne6 Rxf3
67. Rxh7 Re3 68. Nxd4 cxd4 1/2-1/2

[Event "Belt and Road Hunan Op A"]
[Site "Changsha CHN"]
[Date "2019.08.06"]
[Round "9.19"]
[White "Lu, Shanglei"]
[Black "Bilguun, Sumiya"]
[Result "1/2-1/2"]
[WhiteTitle "GM"]
[BlackTitle "IM"]
[WhiteElo "2619"]
[BlackElo "2482"]
[WhiteFideId "8603332"]
[BlackFideId "4901541"]
[EventDate "2019.07.29"]

1. e4 c5 2. Nf3 e6 3. g3 Nc6 4. Bg2 Nf6 5. Nc3 d6 6. O-O Be7 7. d4 cxd4 8. Nxd4
Bd7 9. Re1 O-O 10. Nce2 Qc7 11. Nxc6 bxc6 12. c4 e5 13. Nc3 Rab8 14. b3 Bc8 15.
h3 Nd7 16. f4 exf4 17. gxf4 f5 18. Be3 fxe4 19. Nxe4 Nf6 20. Nc3 Bf5 21. Qf3
Rbc8 22. Bd4 Qd7 23. Rad1 Rf7 24. Kh2 Bg6 25. Ne2 Be4 26. Qg3 Bxg2 27. Qxg2 Bd8
28. Bc3 Bb6 29. Nd4 Nh5 30. Qg4 Nxf4 31. Qxd7 Rxd7 32. Nf5 Ng6 33. b4 Rf7 34.
Nxd6 Rf2+ 35. Kg1 Rcf8 36. c5 Bc7 37. Ne4 Rxa2 38. Ra1 Rc2 39. Rxa7 Nh4 40. Rxc7
Nf3+ 41. Kf1 Nh2+ 42. Kg1 Nf3+ 43. Kf1 Nh2+ 1/2-1/2

[Event "Belt and Road Hunan Op A"]
[Site "Changsha CHN"]
[Date "2019.08.06"]
[Round "9.20"]
[White "Wang, Chen"]
[Black "Batchuluun, Tsegmed"]
[Result "1/2-1/2"]
[WhiteTitle "IM"]
[BlackTitle "GM"]
[WhiteElo "2476"]
[BlackElo "2535"]
[WhiteFideId "8601020"]
[BlackFideId "4900847"]
[EventDate "2019.07.29"]

1. b3 e5 2. Bb2 Nc6 3. Nf3 e4 4. Nd4 Nxd4 5. Bxd4 Nf6 6. e3 Be7 7. c4 c5 8. Bb2
O-O 9. Nc3 b6 10. g4 d5 11. g5 Ng4 12. Nxd5 Bxg5 13. h3 Nf6 14. Nc3 Re8 15. h4
Bh6 16. Be2 Bf5 17. Qc2 Qd7 18. O-O-O Rad8 19. Rdg1 Kf8 20. Rg3 Re6 21. Rd1 a6
22. a3 Rd6 23. Nb1 Qe6 24. Rdg1 g6 25. Bc3 Nd7 26. Qb2 Re8 27. f4 exf3 28. Bxf3
Ne5 29. Bxe5 Qxe5 30. Qxe5 Rxe5 31. Bd5 Bxb1 32. Kxb1 Rh5 33. Rh1 Bg7 34. Kc2 f5
35. Bf3 Rh6 36. h5 a5 37. Rhg1 Be5 38. R3g2 Kg7 39. Be2 f4 40. hxg6 hxg6 41. Bd3
fxe3 42. dxe3 Re6 43. Bf5 Rf6 44. Be4 Rh2 45. Rxh2 Bxh2 46. Rg2 Bd6 47. Kd3 Be7
48. Ke2 Re6 1/2-1/2

[Event "Belt and Road Hunan Op A"]
[Site "Changsha CHN"]
[Date "2019.08.06"]
[Round "9.21"]
[White "Zhao, Zong-Yuan"]
[Black "Zhu, Jiner"]
[Result "0-1"]
[WhiteTitle "GM"]
[BlackTitle "WIM"]
[WhiteElo "2529"]
[BlackElo "2454"]
[WhiteFideId "3202534"]
[BlackFideId "8608059"]
[EventDate "2019.07.29"]

1. e4 e5 2. Nf3 Nc6 3. Bb5 a6 4. Ba4 Nf6 5. O-O Be7 6. Re1 b5 7. Bb3 O-O 8. c3
d6 9. h3 Nb8 10. d4 Nbd7 11. Nbd2 Bb7 12. Bc2 Re8 13. Nf1 Bf8 14. Ng3 g6 15. Bg5
h6 16. Bd2 c6 17. Qc1 Kh7 18. h4 Bg7 19. h5 Ng4 20. Qd1 Nf8 21. Ng5+ hxg5 22.
Qxg4 Bc8 23. Qf3 g4 24. Qd3 Qf6 25. hxg6+ fxg6 26. d5 c5 27. Nf1 Bh6 28. Bxh6
Kxh6 29. b4 c4 30. Qe3+ Kg7 31. a4 Bd7 32. axb5 axb5 33. Ra5 Nh7 34. Rea1 Rad8
35. Ra7 Re7 36. Rb7 Be8 37. Raa7 Rdd7 38. Rxd7 Bxd7 39. Bd1 Rf7 40. Nh2 Qh4 41.
Ra6 Ng5 42. Rxd6 g3 43. Nf3 Nxf3+ 44. Bxf3 Qh2+ 45. Kf1 Qh1+ 46. Ke2 Bg4 47.
Bxg4 Rxf2+ 48. Qxf2 gxf2 49. Kxf2 Qh4+ 50. Kf3 Qe1 51. Rc6 Qxc3+ 52. Kf2 Qd4+
53. Kf3 Qd3+ 54. Kf2 Qxe4 55. Rc7+ Kh6 0-1

[Event "Belt and Road Hunan Op A"]
[Site "Changsha CHN"]
[Date "2019.08.06"]
[Round "9.22"]
[White "Lin, Yi"]
[Black "Liu, Yan"]
[Result "1/2-1/2"]
[WhiteTitle "IM"]
[BlackTitle "GM"]
[WhiteElo "2406"]
[BlackElo "2516"]
[WhiteFideId "8609659"]
[BlackFideId "8608962"]
[EventDate "2019.07.29"]

1. Nf3 Nf6 2. c4 e6 3. g3 a6 4. Bg2 b5 5. b3 Bb7 6. O-O c5 7. Nc3 b4 8. Na4 d6
9. d4 cxd4 10. Qxd4 Nc6 11. Qb6 Qxb6 12. Nxb6 Rb8 13. Bb2 Na5 14. Na4 Bc6 15.
Bxf6 gxf6 16. Nb2 f5 17. Nd4 Bd7 18. e3 Bg7 19. Rad1 Ke7 20. Rd2 Rhc8 21. Nd3
Nc6 22. Nxc6+ Bxc6 23. Bxc6 Rxc6 24. Nf4 a5 25. Ne2 a4 26. Nd4 Rc5 27. Rfd1 Rb6
28. Kf1 Ra6 29. Ke2 Be5 30. h3 h5 31. h4 axb3 32. axb3 Ra3 33. Rd3 Bxd4 34. exd4
Rca5 35. Ke1 Kf6 36. Ke2 Ra2+ 37. R3d2 R2a3 38. Rd3 Ra8 39. c5 d5 40. f4 Ke7 41.
Ke1 Kd7 42. Ke2 Kc6 43. Ke1 Kb5 44. Ke2 R8a6 45. Ke1 Ra8 1/2-1/2

[Event "Belt and Road Hunan Op A"]
[Site "Changsha CHN"]
[Date "2019.08.06"]
[Round "9.23"]
[White "Chu, Wei Chao"]
[Black "Xu, Zhihang"]
[Result "1/2-1/2"]
[WhiteTitle "IM"]
[BlackTitle "IM"]
[WhiteElo "2406"]
[BlackElo "2501"]
[WhiteFideId "8605661"]
[BlackFideId "8611572"]
[EventDate "2019.07.29"]

1. Nf3 c5 2. g3 g6 3. Bg2 Bg7 4. d4 cxd4 5. Nxd4 Nc6 6. Nxc6 bxc6 7. O-O Nf6 8.
e4 O-O 9. Bd2 d5 10. exd5 Bg4 11. f3 Bf5 12. dxc6 Qb6+ 13. Kh1 Qxb2 14. Nc3 Rad8
15. Qe1 Ne8 16. g4 Bxc2 17. Rc1 Nd6 18. Nd5 Nc8 19. Bc3 Bxc3 20. Qxc3 Qxc3 21.
Nxc3 Rd2 22. Ne4 Bxe4 23. fxe4 Rfd8 24. c7 R8d4 25. e5 Rb2 26. Rfd1 Rc2 27. Bb7
Rxc7 28. Rxc7 Rxd1+ 29. Kg2 Rd2+ 30. Kg3 Nb6 31. Rxe7 Kf8 32. Rc7 Rxa2 33. e6
fxe6 34. Rxh7 g5 35. Rh5 Ra5 36. h4 Ra3+ 37. Kf2 gxh4 38. Rxh4 Kg7 39. Be4 Nc4
40. g5 Nd6 41. Rh7+ Kg8 42. Bg6 Ra5 43. Rd7 Rxg5 44. Bh7+ Kh8 45. Rxd6 Kxh7 46.
Rxe6 1/2-1/2

[Event "Belt and Road Hunan Op A"]
[Site "Changsha CHN"]
[Date "2019.08.06"]
[Round "9.24"]
[White "Xu, Minghui"]
[Black "Adhiban, Baskaran"]
[Result "0-1"]
[BlackTitle "GM"]
[WhiteElo "2401"]
[BlackElo "2665"]
[WhiteFideId "8606790"]
[BlackFideId "5018471"]
[EventDate "2019.07.29"]

1. d4 Nf6 2. Nf3 g6 3. g3 Bg7 4. Bg2 c5 5. c4 cxd4 6. Nxd4 h5 7. h4 O-O 8. O-O
Nc6 9. Nc3 Ng4 10. e3 Qa5 11. Qe2 Nge5 12. Nd5 e6 13. Nxc6 dxc6 14. Bd2 Qa6 15.
Ne7+ Kh7 16. Nxc8 Qxc4 17. Qxc4 Nxc4 18. Bb4 Rfxc8 19. Rad1 a5 20. Bc5 Rd8 21.
Be7 Rxd1 22. Rxd1 Nb6 23. b3 Nd5 24. Bc5 Bf8 25. Bd4 Bg7 26. Bc5 Kg8 27. e4 Nf6
28. Be7 a4 29. bxa4 Rxa4 30. Rd8+ Kh7 31. Rb8 Ng4 32. Bc5 Ra5 33. Bb6 Rxa2 34.
Rxb7 Rb2 35. Bf1 c5 36. Ba6 Bd4 0-1

[Event "Belt and Road Hunan Op A"]
[Site "Changsha CHN"]
[Date "2019.08.06"]
[Round "9.25"]
[White "Dai, Changren"]
[Black "Zhao, Yuanhe"]
[Result "1/2-1/2"]
[WhiteTitle "IM"]
[WhiteElo "2510"]
[BlackElo "2448"]
[WhiteFideId "8608156"]
[BlackFideId "8609497"]
[EventDate "2019.07.29"]

1. e4 c5 2. Nf3 Nc6 3. d4 cxd4 4. Nxd4 e5 5. Nb5 a6 6. Nd6+ Bxd6 7. Qxd6 Qe7 8.
Qd1 Nf6 9. Nc3 d6 10. Be2 O-O 11. g4 Be6 12. g5 Nd7 13. Be3 Rac8 14. h4 b5 15.
Qd2 Nc5 16. O-O-O b4 17. Nd5 Bxd5 18. Qxd5 b3 19. c3 bxa2 20. Qxa2 Nxe4 21. Qd5
Nd4 22. Bg4 Nxc3 23. bxc3 Rxc3+ 24. Kd2 Rc5 25. Qe4 d5 26. Qd3 Rc4 27. Rb1 Nb5
28. Be2 Rc3 29. Qxd5 Rd8 30. Rxb5 Rcc8 31. Bd3 Rxd5 32. Rxd5 Qb4+ 1/2-1/2

[Event "Belt and Road Hunan Op A"]
[Site "Changsha CHN"]
[Date "2019.08.06"]
[Round "9.26"]
[White "Lei, Tingjie"]
[Black "Xiang, Zeyu"]
[Result "1/2-1/2"]
[WhiteTitle "GM"]
[BlackTitle "IM"]
[WhiteElo "2505"]
[BlackElo "2447"]
[WhiteFideId "8605114"]
[BlackFideId "8608547"]
[EventDate "2019.07.29"]

1. d4 d5 2. c4 e6 3. Nf3 Nf6 4. g3 Bb4+ 5. Bd2 Be7 6. Bg2 O-O 7. O-O c6 8. Qc2
b6 9. Bf4 Nbd7 10. Rd1 Ba6 11. cxd5 cxd5 12. Ne5 Rc8 13. Nc6 Bb5 14. Nxe7+ Qxe7
15. Nc3 a5 16. Qd2 Ba6 17. Rac1 b5 18. b3 Qd8 19. Bf3 Qb6 20. h4 Qb7 21. g4 b4
22. Na4 Ne4 23. Qe3 Bb5 24. Nc5 Ndxc5 25. dxc5 f6 26. Bxe4 dxe4 27. Bd6 Rfd8 28.
Kh2 Bc6 29. Rg1 e5 30. g5 Kh8 31. h5 Qf7 32. g6 Qe8 33. Rcd1 h6 34. Qh3 Bd7 35.
Qh4 Qe6 36. Rg3 1/2-1/2

[Event "Belt and Road Hunan Op A"]
[Site "Changsha CHN"]
[Date "2019.08.06"]
[Round "9.27"]
[White "Chen, Qi b"]
[Black "Taher, Yoseph Theolifus"]
[Result "1/2-1/2"]
[WhiteTitle "IM"]
[BlackTitle "IM"]
[WhiteElo "2414"]
[BlackElo "2460"]
[WhiteFideId "8614733"]
[BlackFideId "7105347"]
[EventDate "2019.07.29"]

1. e4 e5 2. Nf3 Nf6 3. Nxe5 d6 4. Nd3 Nxe4 5. Qe2 Qe7 6. Nc3 Nxc3 7. dxc3 Bf5 8.
Be3 Nc6 9. Nf4 O-O-O 10. O-O-O Qe4 11. Qd3 Qxd3 12. Bxd3 Bxd3 13. Nxd3 Re8 14.
Rde1 Be7 15. Bd4 Nxd4 16. cxd4 Bf6 17. c3 d5 18. Rxe8+ Rxe8 19. Re1 Rxe1+ 20.
Nxe1 c6 1/2-1/2

[Event "Belt and Road Hunan Op A"]
[Site "Changsha CHN"]
[Date "2019.08.06"]
[Round "9.28"]
[White "Zhao, Chenxi"]
[Black "Raja, Harshit"]
[Result "1/2-1/2"]
[BlackTitle "IM"]
[WhiteElo "2400"]
[BlackElo "2434"]
[WhiteFideId "8611513"]
[BlackFideId "5089000"]
[EventDate "2019.07.29"]

1. e4 c5 2. Nf3 d6 3. d4 cxd4 4. Qxd4 Nf6 5. Bg5 Nc6 6. Bb5 Bd7 7. Bxc6 Bxc6 8.
Nc3 e6 9. O-O-O Be7 10. Rhe1 O-O 11. Kb1 h6 12. Bxf6 Bxf6 13. Qxd6 Qb6 14. Qd2
Rfd8 15. Qe3 Bxc3 16. Qxb6 Rxd1+ 17. Rxd1 axb6 18. bxc3 Bxe4 19. Rd6 Bd5 20. Ne5
Bxa2+ 21. Kb2 Bd5 22. g3 b5 23. Rd7 f6 24. Ng6 Bc4 25. Rxb7 Rd8 26. Kc1 h5 27.
Nf4 e5 28. Nxh5 Bf7 29. g4 Bxh5 30. gxh5 1/2-1/2

[Event "Belt and Road Hunan Op A"]
[Site "Changsha CHN"]
[Date "2019.08.06"]
[Round "9.29"]
[White "Wang, Yiye"]
[Black "Xu, Jun"]
[Result "1/2-1/2"]
[WhiteTitle "IM"]
[BlackTitle "GM"]
[WhiteElo "2440"]
[BlackElo "2477"]
[WhiteFideId "8606021"]
[BlackFideId "8600031"]
[EventDate "2019.07.29"]

1. Nf3 Nf6 2. g3 d5 3. Bg2 c6 4. O-O Bf5 5. d3 h6 6. c4 dxc4 7. dxc4 Qxd1 8.
Rxd1 Bc2 9. Rd2 Bh7 10. Rd1 e6 11. Nc3 Nbd7 12. Bf4 Be7 13. Ne5 Nxe5 14. Bxe5
O-O 15. Bd6 Bxd6 16. Rxd6 Rfd8 17. Rad1 Rxd6 18. Rxd6 Kf8 19. Rd2 Ke7 20. Kf1
Rd8 21. Ke1 Rxd2 22. Kxd2 Nd7 23. h3 e5 24. e3 f5 25. h4 g5 26. hxg5 hxg5 27.
Bf1 e4 28. Be2 Kf6 29. Nb1 Ke5 30. Kc3 Bg8 31. Nd2 c5 32. a3 Be6 33. b4 b6 34.
Bd1 1/2-1/2

[Event "Belt and Road Hunan Op A"]
[Site "Changsha CHN"]
[Date "2019.08.06"]
[Round "9.30"]
[White "Fang, Yuxiang"]
[Black "Fang, Yan"]
[Result "1/2-1/2"]
[WhiteTitle "GM"]
[BlackTitle "IM"]
[WhiteElo "2476"]
[BlackElo "2424"]
[WhiteFideId "8605840"]
[BlackFideId "8604746"]
[EventDate "2019.07.29"]

1. Nf3 Nf6 2. c4 e6 3. Nc3 d5 4. d4 Be7 5. g3 O-O 6. Bg2 c6 7. O-O Nbd7 8. b3 b6
9. Qc2 Ba6 10. Rd1 Rc8 11. e4 dxc4 12. Nd2 e5 13. dxe5 Nxe5 14. Nxc4 Qc7 15.
Nxe5 Qxe5 16. Bf4 Qe6 17. h3 Rfe8 18. e5 Nh5 19. Qe4 Nxf4 20. gxf4 f6 21. Qa4
Bb7 22. Qxa7 Rb8 23. Qxb6 Qf5 24. Qe3 fxe5 25. fxe5 Bg5 26. Qe4 Qxe5 27. Qxe5
Rxe5 28. Ne4 c5 29. Nd6 Bxg2 30. Kxg2 Bf6 31. Rac1 Re2 32. Rxc5 Rxa2 33. Rdc1 h6
34. Rc8+ Rxc8 35. Rxc8+ Kh7 36. Ne4 Bd4 37. Rc4 Bb6 38. Rb4 Bd8 39. Rb8 Bh4 40.
b4 Rb2 41. b5 Rb4 42. Kf3 Rb3+ 43. Kg4 Be7 44. h4 Kg6 45. h5+ Kf7 46. Rb7 Ke6
47. f4 Bf8 48. Rb8 Be7 49. b6 Rb4 50. b7 Kf7 51. Kf3 Rb3+ 52. Ke2 Ke6 53. Kd2
Kf5 54. Kc2 Rb4 55. Nc3 Bd6 56. Rd8 Bxf4 57. Rf8+ Kg5 58. Nd5 Rxb7 59. Nxf4 Rb4 1/2-1/2

[Event "Belt and Road Hunan Op A"]
[Site "Changsha CHN"]
[Date "2019.08.06"]
[Round "9.31"]
[White "Gan-Erdene, Sugar"]
[Black "Liu, Guanchu"]
[Result "1/2-1/2"]
[BlackTitle "IM"]
[WhiteElo "2408"]
[BlackElo "2449"]
[WhiteFideId "4902980"]
[BlackFideId "8603901"]
[EventDate "2019.07.29"]

1. e4 c5 2. Nf3 Nc6 3. Bb5 g6 4. O-O Bg7 5. Nc3 e5 6. Bxc6 bxc6 7. d3 Ne7 8. h3
d6 9. Be3 Rb8 10. Rb1 f5 11. exf5 gxf5 12. Ng5 O-O 13. f4 h6 14. Nf3 exf4 15.
Bxf4 Ng6 16. Be3 f4 17. Bf2 Bf5 18. Qd2 Ne5 19. Nxe5 Bxe5 20. d4 cxd4 21. Bxd4
Bxd4+ 22. Qxd4 Bxc2 23. Rbc1 Bg6 24. Qc4+ Kh7 25. Rxf4 d5 26. Qa4 Rxf4 27. Qxf4
Rxb2 28. Nd1 Qb8 29. Qf6 Rb1 30. Qxc6 Rxc1 31. Qxc1 d4 32. Qc5 Qb6 33. Qxb6 axb6
34. Kf2 Be4 35. g3 Kg6 36. Ke2 1/2-1/2

[Event "Belt and Road Hunan Op A"]
[Site "Changsha CHN"]
[Date "2019.08.06"]
[Round "9.32"]
[White "Xie, Jianjun"]
[Black "Munkhgal, Gombosuren"]
[Result "1/2-1/2"]
[WhiteTitle "FM"]
[BlackTitle "IM"]
[WhiteElo "2417"]
[BlackElo "2442"]
[WhiteFideId "8600953"]
[BlackFideId "4901266"]
[EventDate "2019.07.29"]

1. e4 e6 2. d4 d5 3. Nd2 c5 4. exd5 Qxd5 5. Ngf3 cxd4 6. Bc4 Qd6 7. O-O Nf6 8.
Nb3 Nc6 9. Nbxd4 Nxd4 10. Nxd4 a6 11. Re1 Qc7 12. Bb3 Bd6 13. Nf5 Bxh2+ 14. Kh1
O-O 15. Nxg7 Rd8 16. Qf3 Kxg7 17. Bh6+ Kg6 18. c3 Nh5 19. Be3 f5 20. Bc2 Bf4 21.
g4 Bxe3 22. gxh5+ Kf7 23. Rxe3 Bd7 24. Be4 Rg8 25. Rd1 Rg5 26. Rg1 Rxg1+ 27.
Kxg1 Rg8+ 28. Kf1 Bb5+ 29. Bd3 Bc6 30. Qe2 Qf4 31. Bc4 Rg4 32. Bxe6+ Kf6 33. Bb3
Be4 34. Qd2 Qc7 35. Rg3 Rxg3 36. fxg3 f4 37. gxf4 Kf5 38. Ke1 Qxf4 39. Qd7+ Kg5
40. Qe7+ Kxh5 41. Bd1+ Kh6 42. Qe6+ Bg6 43. Qh3+ Kg7 44. Qd7+ Qf7 45. Qd4+ Qf6
46. Qd7+ Qf7 47. Qd4+ 1/2-1/2

[Event "Belt and Road Hunan Op A"]
[Site "Changsha CHN"]
[Date "2019.08.06"]
[Round "9.33"]
[White "Zou, Chen"]
[Black "Setyaki, Azarya Jodi"]
[Result "1-0"]
[WhiteTitle "FM"]
[BlackTitle "IM"]
[WhiteElo "2440"]
[BlackElo "2409"]
[WhiteFideId "8610959"]
[BlackFideId "7101589"]
[EventDate "2019.07.29"]

1. e4 e5 2. Nf3 Nc6 3. Bb5 a6 4. Ba4 d6 5. c3 f5 6. exf5 Bxf5 7. O-O Bd3 8. Re1
Be7 9. Qb3 b5 10. Qd5 Qd7 11. Qxd3 bxa4 12. Qc2 Nf6 13. d3 O-O 14. Nbd2 Rae8 15.
Nf1 Nd8 16. Ng3 Ne6 17. Qd1 Qc6 18. d4 e4 19. Nxe4 Nxe4 20. d5 Qc4 21. dxe6 Bd8
22. Nd2 Nxd2 23. Bxd2 Rxe6 24. Rxe6 Qxe6 25. Qxa4 Qe2 26. Qb3+ Kh8 27. Be3 Bh4
28. g3 Bf6 29. Rc1 Be5 30. Qc2 Qc4 31. b3 Qg4 32. Qd3 Qf3 33. Qxa6 Ra8 34. Qb5
h5 35. a4 h4 36. Qc4 hxg3 37. Qh4+ Kg8 38. hxg3 Qd5 39. Qh1 Qa5 40. Qc6 Bf6 41.
Kg2 Rf8 42. b4 Qf5 43. a5 Bg5 44. Bxg5 Qxf2+ 45. Kh1 Rf3 46. Qe8+ Kh7 47. Qh5+
Kg8 48. Qh2 Qa7 49. Re1 1-0